Significant Regions of Indonesian Diaspora - Statistics

General Stats
  • This quiz has been taken 33 times
    28 since last reset
  • The average score is 21 of 29
Answer Stats
Overseas Indonesians Country % Correct
38,000 China
100%
10,000,000 Malaysia
100%
145,031 United States
100%
111,987 Australia
96%
92,400 Australia
96%
21,390 Canada
92%
500,000 Singapore
92%
1,700,000 Netherlands
88%
173,813 Japan
84%
1,500,000 Saudi Arabia
84%
42,000 South Korea
80%
300,000 Taiwan
80%
11,000 United Kingdom
80%
8,000 Vietnam
80%
75,000 Oman
72%
43,871 Philippines
72%
37,669 Qatar
72%
33,000 Bahrain
68%
166,795 Cambodia
68%
300,000 South Africa
68%
80,000 Brunei
64%
24,000 Germany
64%
28,954 Kuwait
56%
14,000 Papua New Guinea
56%
46,586 Jordan
48%
102,000 Suriname
44%
40,148 Sri Lanka
36%
12,904 Syria
28%
14,000 Libya
16%
No matching quizzes found
Score Distribution
Percent of People with Each Score
Percentile by Number Answered
Your Score History
You have not taken this quiz since the last reset